[Event "SVK-chT3A2 2223"]
[Site "Slovakia"]
[Date "2022.10.16"]
[Round "1.2"]
[White "Kovacocy, Pavol"]
[Black "Musaev, Matej Elbek"]
[Result "1-0"]
[WhiteElo "2245"]
[BlackElo "2045"]
[PlyCount "63"]
[EventDate "2022.10.16"]
[EventType "team-tourn"]
[EventRounds "9"]
[EventCountry "SVK"]
[SourceTitle "EXT 2024"]
[Source "ChessBase"]
[SourceDate "2023.10.10"]
[SourceVersion "1"]
[SourceVersionDate "2023.10.10"]
[SourceQuality "1"]
[WhiteTeam "Cifer II"]
[BlackTeam "Piestany Kupele II"]
[WhiteTeamCountry "SVK"]
[BlackTeamCountry "SVK"]

1. e4 c5 2. Nf3 d6 3. d4 cxd4 4. Nxd4 Nf6 5. f3 a6 6. c4 Nc6 7. Nc3 g6 8. Be3 Bg7 9. Qd2 0-0 10. Be2 Re8 11. 0-0 Bd7 12. Rfd1 Qa5 13. a3 Rad8 14. b4 Qc7 15. Rac1 e6 16. Nxc6 Bxc6 17. b5 Bd7 18. Qxd6 Qxd6 19. Rxd6 Bf8 20. Rd3 axb5 21. cxb5 Bxa3 22. Rcd1 Rc8 23. e5 Nh5 24. Ne4 Bxb5 25. Rxa3 Bxe2 26. Rd2 Rc1+ 27. Kf2 Bb5 28. g4 Ng7 29. Nf6+ Kh8 30. Rb2 Rf1+ 31. Kg2 Bc4 32. Nxe8 1-0

[Event "SVK-chT2A 1920"]
[Site "Slovakia"]
[Date "2020.02.16"]
[Round "9.4"]
[White "Kovacocy, Pavol"]
[Black "Mikulas, Dusan"]
[Result "0-1"]
[WhiteElo "2299"]
[BlackElo "1989"]
[PlyCount "78"]
[EventDate "2019.10.26"]
[EventType "team-tourn"]
[EventRounds "11"]
[EventCountry "SVK"]
[SourceTitle "CBM 195 Extra"]
[Source "ChessBase"]
[SourceDate "2020.05.31"]
[SourceVersion "1"]
[SourceVersionDate "2020.05.31"]
[SourceQuality "1"]
[WhiteTeam "Cifer"]
[BlackTeam "Bratislava Slovan IV"]
[WhiteTeamCountry "SVK"]
[BlackTeamCountry "SVK"]

1. e4 c5 2. Nf3 d6 3. d4 cxd4 4. Nxd4 Nf6 5. f3 Nc6 6. c4 g6 7. Be3 Bg7 8. Qd2 0-0 9. Nc3 a6 10. Rc1 e6 11. Be2 d5 12. cxd5 exd5 13. Nxc6 bxc6 14. exd5 Nxd5 15. Nxd5 cxd5 16. Bc5 Re8 17. 0-0 Bb7 18. Rfd1 Qf6 19. Rc2 Rac8 20. b4 Qh4 21. Bf1 d4 22. Qf2 Qf4 23. Bc4 Be5 24. g3 Qf6 25. Kg2 g5 26. h3 h5 27. Bxd4 g4 28. Bxe5 Qxf3+ 29. Kh2 Rxc4 30. Re2 Qxf2+ 31. Rxf2 Rxe5 32. hxg4 hxg4 33. Kg1 Bf3 34. Rd8+ Kg7 35. Rb2 Rh5 36. Rdd2 Rh1+ 37. Kf2 Re4 38. a4 Rh2+ 39. Kg1 Re1+ 0-1

[Event "SVK-chT2A 1920"]
[Site "Slovakia"]
[Date "2020.02.15"]
[Round "8.5"]
[White "Kovacocy, Pavol"]
[Black "Zetocha, Adrian"]
[Result "0-1"]
[WhiteElo "2299"]
[BlackElo "2049"]
[PlyCount "46"]
[EventDate "2019.10.26"]
[EventType "team-tourn"]
[EventRounds "11"]
[EventCountry "SVK"]
[SourceTitle "CBM 195 Extra"]
[Source "ChessBase"]
[SourceDate "2020.05.31"]
[SourceVersion "1"]
[SourceVersionDate "2020.05.31"]
[SourceQuality "1"]
[WhiteTeam "Cifer"]
[BlackTeam "Bratislava Slovan V"]
[WhiteTeamCountry "SVK"]
[BlackTeamCountry "SVK"]

1. e4 c6 2. d4 d5 3. exd5 cxd5 4. Bd3 Nc6 5. c3 Qc7 6. Ne2 Bg4 7. f3 Bd7 8. Bf4 e5 9. dxe5 Nxe5 10. Bc2 Nf6 11. Qd4 Bd6 12. Nd2 0-0 13. Bg5 Bc5 14. Qh4 Ng6 15. Qg3 Qb6 16. Nb3 Nh5 17. Bxg6 Nxg3 18. Bxh7+ Kxh7 19. hxg3+ Kg8 20. Nxc5 Qxc5 21. Nd4 Rfe8+ 22. Kd2 Qb6 23. Kc2 Qg6+ 0-1

[Event "SVK-chT2A 1819"]
[Site "Slovakia"]
[Date "2018.12.15"]
[Round "5.2"]
[White "Takacs, Laszlo"]
[Black "Kovacocy, Pavol"]
[Result "1/2-1/2"]
[WhiteElo "2305"]
[BlackElo "2278"]
[PlyCount "54"]
[EventDate "2018.10.13"]
[EventType "team-tourn"]
[EventRounds "11"]
[EventCountry "SVK"]
[SourceTitle "CBM 189 Extra"]
[Source "ChessBase"]
[SourceDate "2019.06.03"]
[SourceVersion "1"]
[SourceVersionDate "2019.06.03"]
[SourceQuality "1"]
[WhiteTeam "Senec"]
[BlackTeam "Trnava Lokomotiva"]
[WhiteTeamCountry "SVK"]
[BlackTeamCountry "SVK"]

1. e4 c5 2. Nf3 g6 3. d4 cxd4 4. Nxd4 Nc6 5. c4 Nf6 6. Nc3 d6 7. Be2 Bg7 8. Be3 0-0 9. 0-0 Nxd4 10. Bxd4 Bd7 11. Qd2 Bc6 12. f3 a5 13. b3 Nd7 14. Be3 Nc5 15. Rab1 Be5 16. Rfc1 e6 17. Bg5 f6 18. Be3 f5 19. exf5 gxf5 20. Bg5 Qe8 21. Nb5 Qg6 22. Be7 Rf7 23. Bxd6 Rd8 24. Qe3 Bxd6 25. Nxd6 Rxd6 26. Qxc5 Rd2 27. Qe5 f4 1/2-1/2

[Event "SVK-chT3A2 1718"]
[Site "Slovakia"]
[Date "2018.03.04"]
[Round "10.6"]
[White "Kovacocy, Pavol"]
[Black "Sefcik, Marek"]
[Result "1-0"]
[WhiteElo "2243"]
[BlackElo "1998"]
[PlyCount "107"]
[EventDate "2017.10.08"]
[EventType "team-tourn"]
[EventRounds "11"]
[EventCountry "SVK"]
[SourceTitle "EXT 2020"]
[Source "ChessBase"]
[SourceDate "2019.10.17"]
[SourceVersion "1"]
[SourceVersionDate "2019.10.17"]
[SourceQuality "1"]
[WhiteTeam "Cifer"]
[BlackTeam "Holic"]
[WhiteTeamCountry "SVK"]
[BlackTeamCountry "SVK"]

1. e4 e6 2. d3 d5 3. Nd2 c5 4. Ngf3 Nc6 5. g3 b6 6. Bg2 Bb7 7. 0-0 Nf6 8. Re1 Be7 9. c3 Qc7 10. Nf1 Rd8 11. e5 Ng4 12. Qe2 h5 13. h4 g6 14. Bf4 Bf8 15. N1h2 Nh6 16. Ng5 Ne7 17. Nhf3 Nef5 18. Rac1 Ba6 19. Qc2 Qd7 20. Qd2 Be7 21. a3 Kf8 22. Bh3 Kg7 23. Re2 Qb5 24. Rd1 Rd7 25. Ne1 Qc6 26. Ng2 d4 27. c4 Bb7 28. Ne4 a5 29. Qe1 Rdd8 30. f3 Ra8 31. Qf2 Ng8 32. Rc2 Qd7 33. Bg5 Qc7 34. Bf4 Qd8 35. Ng5 Qd7 36. Rf1 Bd8 37. Kh2 Kf8 38. Bc1 Bc7 39. f4 Ngh6 40. Qe2 Ng7 41. Ne4 Nhf5 42. Ne1 Ke7 43. Nf3 a4 44. Nfg5 Bc6 45. Bg2 Bb8 46. Bf3 Qb7 47. Qg2 Rc8 48. Re1 Ra7 49. Nh7 Qc7 50. Kh3 Ba8 51. Nd6 Nxd6 52. exd6+ Qxd6 53. Bxa8 Rh8 54. Ng5 1-0

[Event "SVK-chT3A2 1718"]
[Site "Slovakia"]
[Date "2018.01.21"]
[Round "8.5"]
[White "Kovacocy, Pavol"]
[Black "Blatnicky, Miroslav"]
[Result "1-0"]
[WhiteElo "2243"]
[BlackElo "2113"]
[PlyCount "95"]
[EventDate "2017.10.08"]
[EventType "team-tourn"]
[EventRounds "11"]
[EventCountry "SVK"]
[SourceTitle "EXT 2020"]
[Source "ChessBase"]
[SourceDate "2019.10.17"]
[SourceVersion "1"]
[SourceVersionDate "2019.10.17"]
[SourceQuality "1"]
[WhiteTeam "Cifer"]
[BlackTeam "Vrbove"]
[WhiteTeamCountry "SVK"]
[BlackTeamCountry "SVK"]

1. e4 e6 2. d4 d5 3. Nc3 Nf6 4. Bg5 dxe4 5. Nxe4 Be7 6. Bxf6 Bxf6 7. Nf3 0-0 8. Nxf6+ Qxf6 9. Bd3 Nc6 10. 0-0 e5 11. dxe5 Nxe5 12. Nxe5 Qxe5 13. c3 Be6 14. Qc2 h6 15. Be4 c6 16. Rfe1 Qg5 17. Re3 Rad8 18. Rae1 Rd6 19. c4 Rfd8 20. Qc3 Rd4 21. b3 Rd1 22. Kf1 Rxe1+ 23. Rxe1 Qd2 24. Qxd2 Rxd2 25. Re2 Rd1+ 26. Re1 Rd4 27. Bc2 Kf8 28. Ke2 b5 29. Ke3 Rh4 30. cxb5 cxb5 31. h3 Rh5 32. Be4 Rc5 33. Kd4 Rc7 34. Re2 a5 35. Rc2 Rd7+ 36. Kc5 a4 37. b4 Bc4 38. Bc6 Rc7 39. Kb6 Rc8 40. Bxb5 Rb8+ 41. Ka7 Rxb5 42. Rxc4 Rg5 43. g4 h5 44. Rc5 Rg6 45. Rxh5 Re6 46. b5 Re2 47. b6 Rxa2 48. b7 1-0

[Event "SVK-chT2A 1718"]
[Site "Slovakia"]
[Date "2017.11.25"]
[Round "3.2"]
[White "Kovacocy, Pavol"]
[Black "Federic, Jozef"]
[Result "1/2-1/2"]
[WhiteElo "2263"]
[BlackElo "2223"]
[PlyCount "35"]
[EventDate "2017.10.28"]
[EventType "team-tourn"]
[EventRounds "11"]
[EventCountry "SVK"]
[SourceTitle "EXT 2019"]
[Source "ChessBase"]
[SourceDate "2018.10.10"]
[SourceVersion "1"]
[SourceVersionDate "2018.10.10"]
[SourceQuality "1"]
[WhiteTeam "Trnava Lokomotiva II"]
[BlackTeam "Modra II"]
[WhiteTeamCountry "SVK"]
[BlackTeamCountry "SVK"]

1. e4 c5 2. Nf3 e6 3. d4 cxd4 4. Nxd4 Nc6 5. Nc3 Qc7 6. g3 a6 7. Bg2 Nf6 8. 0-0 h5 9. h3 Nxd4 10. Qxd4 Bc5 11. Qd3 d6 12. Na4 Ba7 13. Be3 Bd7 14. Nc3 Bxe3 15. Qxe3 0-0 16. Rad1 Rfd8 17. Rd2 Rac8 18. Rfd1 1/2-1/2

[Event "SVK-chT3A2 1718"]
[Site "Slovakia"]
[Date "2017.11.19"]
[Round "4.3"]
[White "Kovacocy, Pavol"]
[Black "Nemeckay, Rastislav"]
[Result "1-0"]
[WhiteElo "2243"]
[BlackElo "1975"]
[PlyCount "87"]
[EventDate "2017.10.08"]
[EventType "team-tourn"]
[EventRounds "11"]
[EventCountry "SVK"]
[SourceTitle "EXT 2020"]
[Source "ChessBase"]
[SourceDate "2019.10.17"]
[SourceVersion "1"]
[SourceVersionDate "2019.10.17"]
[SourceQuality "1"]
[WhiteTeam "Cifer"]
[BlackTeam "Senica CVC"]
[WhiteTeamCountry "SVK"]
[BlackTeamCountry "SVK"]

1. e4 e5 2. Nf3 Nc6 3. Bc4 Be7 4. 0-0 Nf6 5. d3 d6 6. c3 0-0 7. Bb3 Bg4 8. Nbd2 Na5 9. Bc2 c5 10. Re1 b5 11. Nf1 Qc7 12. h3 Bd7 13. Ng3 Nc6 14. Nh4 g6 15. Bg5 Ne8 16. Qd2 Qd8 17. Nf3 Bxg5 18. Nxg5 Ng7 19. Nf3 Qe7 20. d4 Rad8 21. Rad1 Bc8 22. a4 b4 23. Bb3 Kh8 24. Qh6 Ne6 25. Bxe6 fxe6 26. dxc5 dxc5 27. Nf1 Ba6 28. Qe3 Bxf1 29. Kxf1 a5 30. Qg5 Qc7 31. Ke2 Kg7 32. Rxd8 Rxd8 33. Rd1 h6 34. Qe3 Rxd1 35. Kxd1 Qd6+ 36. Kc2 g5 37. Qd3 Qe7 38. Nd2 bxc3 39. bxc3 Kf6 40. Qb5 Qc7 41. Qxc5 Qd7 42. Nc4 Nd4+ 43. cxd4 Qxa4+ 44. Kb2 1-0

[Event "SVK-chT2A 1718"]
[Site "Slovakia"]
[Date "2017.10.28"]
[Round "1.1"]
[White "Lintner, Igor"]
[Black "Kovacocy, Pavol"]
[Result "1/2-1/2"]
[WhiteElo "2207"]
[BlackElo "2263"]
[PlyCount "61"]
[EventDate "2017.10.28"]
[EventType "team-tourn"]
[EventRounds "11"]
[EventCountry "SVK"]
[SourceTitle "EXT 2019"]
[Source "ChessBase"]
[SourceDate "2018.10.10"]
[SourceVersion "1"]
[SourceVersionDate "2018.10.10"]
[SourceQuality "1"]
[WhiteTeam "Bratislava Doprastav II"]
[BlackTeam "Trnava Lokomotiva II"]
[WhiteTeamCountry "SVK"]
[BlackTeamCountry "SVK"]

1. e4 c5 2. Nf3 g6 3. c4 Nc6 4. d4 cxd4 5. Nxd4 Nf6 6. Nc3 d6 7. Nc2 Bg7 8. Be2 0-0 9. 0-0 Nd7 10. Bd2 Nc5 11. f3 a5 12. Na3 f5 13. Nab5 fxe4 14. fxe4 Rxf1+ 15. Bxf1 Be6 16. Be3 Ne5 17. Nd5 Rc8 18. Nbc3 Ng4 19. Bd4 Qf8 20. Be2 Nf6 21. Bf3 Nfd7 22. Qd2 Bxd5 23. exd5 Bxd4+ 24. Qxd4 Ne5 25. Be2 Qf6 26. Qe3 Rf8 27. Rf1 Qh4 28. Rxf8+ Kxf8 29. g3 Qf6 30. b3 Qf5 31. Qf2 1/2-1/2

[Event "SVK-chT3A2 1617"]
[Site "Slovakia"]
[Date "2017.01.22"]
[Round "7.2"]
[White "Harastova, Viera"]
[Black "Kovacocy, Pavol"]
[Result "0-1"]
[WhiteElo "1862"]
[BlackElo "2216"]
[PlyCount "86"]
[EventDate "2016.10.16"]
[EventType "team-tourn"]
[EventRounds "11"]
[EventCountry "SVK"]
[SourceTitle "EXT 2020"]
[Source "ChessBase"]
[SourceDate "2019.10.17"]
[SourceVersion "1"]
[SourceVersionDate "2019.10.17"]
[SourceQuality "1"]
[WhiteTeam "Skalica II"]
[BlackTeam "Cifer"]
[WhiteTeamCountry "SVK"]
[BlackTeamCountry "SVK"]

1. d4 g6 2. c4 Bg7 3. Nc3 d6 4. e4 e5 5. d5 a5 6. Be3 Bh6 7. Bxh6 Nxh6 8. Qd2 Ng8 9. Bd3 Nf6 10. Nge2 0-0 11. 0-0 Nh5 12. f4 exf4 13. Nxf4 Nxf4 14. Rxf4 Nd7 15. Raf1 Ne5 16. Ne2 Qe7 17. Nd4 Bd7 18. Qc3 f6 19. Be2 Rf7 20. Nf3 Nxf3+ 21. Qxf3 Raf8 22. Qd3 Qe5 23. Qc2 f5 24. exf5 Qe3+ 25. R1f2 Rxf5 26. Rxf5 Bxf5 27. Qc3 Bd3 28. Bf3 Re8 29. h3 a4 30. a3 Qe1+ 31. Qxe1 Rxe1+ 32. Kh2 Bxc4 33. Rc2 b5 34. Kg3 Re5 35. Rd2 Kg7 36. Rd4 Re3 37. Kf4 Re5 38. h4 Kf6 39. Rd2 h6 40. Rd4 Re1 41. Bd1 g5+ 42. hxg5+ hxg5+ 43. Kg4 Rxd1 0-1

[Event "SVK-chT2A 1617"]
[Site "Slovakia"]
[Date "2016.12.04"]
[Round "6.3"]
[White "Kovacocy, Pavol"]
[Black "Nemeckay, Rastislav"]
[Result "1-0"]
[WhiteElo "2225"]
[BlackElo "2008"]
[PlyCount "69"]
[EventDate "2016.10.08"]
[EventType "team-tourn"]
[EventRounds "11"]
[EventCountry "SVK"]
[SourceTitle "EXT 2018"]
[Source "ChessBase"]
[SourceDate "2017.10.13"]
[SourceVersion "1"]
[SourceVersionDate "2017.10.13"]
[SourceQuality "1"]
[WhiteTeam "Trnava Lokomotiva II"]
[BlackTeam "Osuske II"]
[WhiteTeamCountry "SVK"]
[BlackTeamCountry "SVK"]

1. e4 e5 2. Nf3 Nc6 3. Bc4 Be7 4. c3 Nf6 5. d3 0-0 6. Bb3 d5 7. exd5 Nxd5 8. Qe2 Bf6 9. 0-0 Bg4 10. Qe4 Be6 11. Na3 Re8 12. Nc4 Nb6 13. Ne3 Bxb3 14. axb3 g6 15. Ng4 Bg7 16. Nh6+ Bxh6 17. Bxh6 f5 18. Qe2 Qd5 19. b4 e4 20. dxe4 Qxe4 21. Qxe4 Rxe4 22. Nd2 Re2 23. Rfd1 a6 24. Kf1 Re7 25. Bg5 Rd7 26. Nb3 Rxd1+ 27. Rxd1 a5 28. bxa5 Nxa5 29. Nxa5 Rxa5 30. Rd8+ Kg7 31. Rb8 Ra1+ 32. Ke2 Rb1 33. Rxb7 Rxb2+ 34. Bd2 Na4 35. Rxc7+ 1-0

[Event "SVK-chT2A 1617"]
[Site "Slovakia"]
[Date "2016.10.09"]
[Round "2.3"]
[White "Sulek, Viliam"]
[Black "Kovacocy, Pavol"]
[Result "0-1"]
[WhiteElo "2062"]
[BlackElo "2225"]
[PlyCount "116"]
[EventDate "2016.10.08"]
[EventType "team-tourn"]
[EventRounds "11"]
[EventCountry "SVK"]
[SourceTitle "CBM 175 Extra"]
[Source "ChessBase"]
[SourceDate "2016.12.12"]
[SourceVersion "1"]
[SourceVersionDate "2016.12.12"]
[SourceQuality "1"]
[WhiteTeam "Bratislava Slovan V"]
[BlackTeam "Trnava Lokomotiva II"]
[WhiteTeamCountry "SVK"]
[BlackTeamCountry "SVK"]

1. e4 c5 2. Nf3 g6 3. Nc3 Bg7 4. d4 cxd4 5. Nxd4 Nc6 6. Nb3 Nf6 7. Be3 0-0 8. Be2 d6 9. 0-0 Be6 10. f4 Qc8 11. Kh1 Rd8 12. Qe1 d5 13. exd5 Nxd5 14. Nxd5 Bxd5 15. c3 Qe6 16. Qf2 b6 17. Rad1 Bxb3 18. axb3 Qxb3 19. Bf3 Rxd1 20. Bxd1 Qb5 21. Bf3 Rd8 22. Bxc6 Qxc6 23. f5 gxf5 24. Qxf5 Qd5 25. Qf2 Rd6 26. Qg3 h6 27. h3 Rg6 28. Qf3 Qxf3 29. Rxf3 Rd6 30. g4 Be5 31. Kg2 Kg7 32. Rf1 a6 33. Ra1 b5 34. Kf3 Bf6 35. Ke4 Kg6 36. Bc5 Rd2 37. b4 Bxc3 38. Rxa6+ e6 39. h4 Rb2 40. Be7 Bxb4 41. h5+ Kg7 42. Bd8 Bc3 43. Ra8 Rd2 44. Be7 Rd4+ 45. Kf3 Bb4 46. Bh4 Bd6 47. Rd8 Rf4+ 48. Kg3 Be5 49. Kh3 b4 50. g5 Rxh4+ 51. Kxh4 hxg5+ 52. Kh3 b3 53. Rd3 b2 54. Rb3 Kh6 55. Kg4 f5+ 56. Kf3 Kxh5 57. Rb7 g4+ 58. Kg2 Kg5 0-1